000
00199 a2200109 4500
020
_a
9788401540783
041
_a
spa
100
_a
Allende, Isabel
245
_a
afrodita
942
_c
BK
952
_7
1
999
_c
18498
_d
18498